000 01285nam a2200301 c 4500
003 BLK
005 20230405030316.0
008 180410b bul|||||r ||||||| ||bul||
010 _aKNG00171049000
040 _aBLK
041 _aBUL
_cBUL
080 _aБългарска литература
_b821.163.2
_x-93-32
_z821.163.2-93-32
100 1 _aПопова-Мутафова, Фани Добрева
_d1902-1977
_gписател
_eпърви автор
_9366640
139 _aПопова-Мутафова, Фани Добрева
_bП 76
245 1 0 _aУвенчаването на Симеон
_bИст. разказ
_cФани Добрева Попова-Мутафова.
250 _a2. изд.
257 _aBGR
260 София
_bТя То Той
_c1991
300 _a30 с.
_c20 см
380 _aDX
490 1 _aБиблиотека Древна България
_v2
500 _a1. изд. 1935 на книгоизд. и печ. Древна България в Худож. библ. Древна България ; Г. VII, N 145.
852 _aЦб 167564
856 4 _qpdf
_u
856 4 _qpdf
_u
942 _cKNG
_n0
944 _aCR
_c11.02.2015
_l11.02.2015 - от С1,Р / 11.02.2015
_kКамелия_Данева
944 _aED
_c18.09.2017
_l11.02.2015 - от С1,Р / 11.02.2015
_kМилена_Ачева
999 _c163596
_d163596